Missing Word: Authors in Book Titles Quiz Stats

 Plays Quiz Updated Oct 8, 2015

Challenge
Share
Tweet
Embed
Score 0/24 Timer 05:00
0 Plays Today
Title That Contains Author Name % Correct
Moby-___; or, the WhaleDick
98.1%
___'s WebCharlotte
97.7%
___ QuixoteDon
97.1%
___ and the Giant PeachJames
97.1%
___ PanPeter
96.7%
Curious ___George
96.3%
___ of Green GablesAnne
95.6%
The ___ Also RisesSun
94%
Girl With a ___ EarringPearl
90.3%
The Return of the ___King
89.5%
A Christmas ___Carol
88.7%
Oedipus ___Rex
84%
Title That Contains Author Name % Correct
How ___ Got Her Groove BackStella
79.3%
The Heart Is a Lonely ___Hunter
78.3%
Are You There God? It's Me, ___Margaret
77.6%
The ___ Lieutenant's WomanFrench
76.4%
Mr. ___ Can Moo! Can You?Brown
75.5%
Go Ask ___Alice
73.8%
Leaves of ___Grass
58.1%
___ OleanderWhite
57.2%
The Wings of the ___Dove
53.5%
The Death of ___ IlyichIvan
46.9%
Lord ___Jim
46.3%
___ S. MouseRalph
35.8%

Today's Daily Dose

You're not logged in!

Compare scores with friends on all Sporcle quizzes.
Join for Free
OR
Log In

You Might Also Like...

Show Comments

Extras

Top Quizzes Today


Score Distribution

Your Account Isn't Verified!

In order to create a playlist on Sporcle, you need to verify the email address you used during registration. Go to your Sporcle Settings to finish the process.

Report this User

Report this user for behavior that violates our Community Guidelines.

Details: